[Event "Golubitskaya"]
[Site "Golubitskaya"]
[Date "2017.07.25"]
[Round "7"]
[White "Tyunin, Vladislav"]
[Black "Uskov, Andrey"]
[Result "1-0"]
[WhiteElo "2222"]
[BlackElo "2306"]
[PlyCount "55"]
[EventDate "2017.07.22"]
[EventType "tourn"]
[EventRounds "9"]
[EventCountry "RUS"]
[EventCategory "2"]
[SourceTitle "CBM 179 Extra"]
[Source "ChessBase"]
[SourceDate "2017.08.23"]
[SourceVersion "1"]
[SourceVersionDate "2017.08.23"]
[SourceQuality "1"]

1. e4 d6 2. d4 Nf6 3. Nc3 g6 4. Nf3 Bg7 5. Be2 0-0 6. 0-0 Nc6 7. d5 Nb8 8. h3 e5 9. dxe6 Bxe6 10. Bf4 Nbd7 11. Re1 Nc5 12. e5 Ne8 13. Be3 Nd7 14. Bg5 Qc8 15. exd6 Nxd6 16. Nd4 Re8 17. Nxe6 Rxe6 18. Bg4 Rxe1+ 19. Qxe1 f5 20. Bf3 Kh8 21. Bf4 Nc4 22. Rd1 Nce5 23. Bd5 Qf8 24. Bxb7 Rb8 25. Bc6 Nxc6 26. Rxd7 Rxb2 27. Rxc7 Nb4 28. Be5 1-0

[Event "Golubitskaya"]
[Site "Golubitskaya"]
[Date "2017.07.24"]
[Round "5"]
[White "Plokhotniuk, Vladimir"]
[Black "Uskov, Andrey"]
[Result "1-0"]
[WhiteElo "2318"]
[BlackElo "2306"]
[PlyCount "82"]
[EventDate "2017.07.22"]
[EventType "tourn"]
[EventRounds "9"]
[EventCountry "RUS"]
[EventCategory "2"]
[SourceTitle "CBM 179 Extra"]
[Source "ChessBase"]
[SourceDate "2017.08.23"]
[SourceVersion "1"]
[SourceVersionDate "2017.08.23"]
[SourceQuality "1"]

1. e4 e5 2. Nf3 Nc6 3. Bb5 Bc5 4. c3 Qf6 5. d4 exd4 6. e5 Qg6 7. cxd4 Nxd4 8. Nxd4 Qb6 9. e6 fxe6 10. Be3 Nf6 11. Nc3 c6 12. Bd3 Qxb2 13. Rc1 Bb4 14. Qb3 Qxb3 15. axb3 d5 16. f4 0-0 17. Bd2 Bd7 18. Nf3 c5 19. Ne5 Be8 20. Ne2 Bxd2+ 21. Kxd2 b6 22. Rc2 Nd7 23. Nxd7 Bxd7 24. g3 Rfc8 25. Rhc1 Rc7 26. Nd4 Rac8 27. Nf3 b5 28. Ne5 c4 29. Be2 Be8 30. Ke3 a5 31. bxc4 dxc4 32. Rd1 a4 33. Rd6 Bf7 34. Rb6 Rc5 35. Bg4 Ra8 36. Nxf7 Kxf7 37. Bxe6+ Ke7 38. Kd4 Rc7 39. Bd5 Rd7 40. Rxb5 a3 41. Ra2 c3 1-0

[Event "Golubitskaya Rating"]
[Site "Golubitskaya"]
[Date "2009.07.21"]
[Round "5"]
[White "Uskov, Andrey"]
[Black "Bondarev, Boris"]
[Result "1-0"]
[WhiteElo "2215"]
[BlackElo "2087"]
[PlyCount "81"]
[EventDate "2009.07.21"]
[EventType "tourn"]
[EventRounds "9"]
[EventCountry "RUS"]
[SourceTitle "EXT 2022"]
[Source "ChessBase"]
[SourceDate "2021.10.06"]
[SourceVersion "1"]
[SourceVersionDate "2021.10.06"]
[SourceQuality "1"]

1. e4 e6 2. Nc3 c5 3. g3 d5 4. e5 Nc6 5. f4 g5 6. Nf3 gxf4 7. gxf4 Nd4 8. h4 Be7 9. Nxd4 Bxh4+ 10. Ke2 cxd4 11. Nb5 d3+ 12. Kxd3 Be7 13. c3 Bd7 14. Kc2 Qb6 15. Nd4 Bc5 16. Nb3 Ne7 17. d4 Ba4 18. dxc5 Bxb3+ 19. axb3 Qxc5 20. Qd4 Qxd4 21. Bb5+ Kf8 22. cxd4 h5 23. Be3 Nf5 24. Bf2 Ne7 25. Kd2 a6 26. Bd3 Rc8 27. Bh4 Nc6 28. Ke3 Nb4 29. Bf6 Rg8 30. Rag1 Rxg1 31. Rxg1 Nc2+ 32. Bxc2 Rxc2 33. Rh1 Rxb2 34. Rxh5 Rxb3+ 35. Kd2 Ke8 36. Rh8+ Kd7 37. Rf8 Kc6 38. Rxf7 a5 39. Bd8 b6 40. f5 exf5 41. e6 1-0

[Event "Golubitskaya Rating"]
[Site "Golubitskaya"]
[Date "2008.07.11"]
[Round "?"]
[White "Uskov, Andrey"]
[Black "Birjukov, Sergey"]
[Result "1-0"]
[WhiteElo "2152"]
[BlackElo "2215"]
[PlyCount "78"]
[EventDate "2008.07.05"]
[EventType "tourn"]
[EventRounds "11"]
[EventCountry "RUS"]
[SourceTitle "EXT 2022"]
[Source "ChessBase"]
[SourceDate "2021.10.06"]
[SourceVersion "1"]
[SourceVersionDate "2021.10.06"]
[SourceQuality "1"]

1. e4 e6 2. f4 d5 3. e5 c5 4. g3 Nc6 5. Nf3 Nh6 6. Bg2 c4 7. d4 cxd3 8. Qxd3 Bc5 9. Be3 Bxe3 10. Qxe3 Nf5 11. Qc5 Bd7 12. g4 Nh4 13. 0-0 Rc8 14. Qf2 Nxg2 15. Kxg2 h5 16. h3 Qb6 17. Qxb6 axb6 18. c3 d4 19. Nbd2 dxc3 20. bxc3 Na5 21. Ne4 Ke7 22. f5 exf5 23. gxf5 Nc4 24. f6+ gxf6 25. exf6+ Kf8 26. Rae1 Bc6 27. Kf2 Rg8 28. Neg5 Rg6 29. Rg1 Bxf3 30. Kxf3 Rxf6+ 31. Ke2 Re8+ 32. Kd3 Ne5+ 33. Kc2 Rf2+ 34. Kb3 f6 35. Ne4 Rf3 36. Rgf1 Re6 37. Ng5 Rxf1 38. Nxe6+ Ke7 39. Rxf1 Kxe6 1-0

[Event "Golubitskaya Rating"]
[Site "Golubitskaya"]
[Date "2008.07.08"]
[Round "?"]
[White "Uskov, Andrey"]
[Black "Prikhodko, Sergey"]
[Result "1-0"]
[WhiteElo "2152"]
[BlackElo "2074"]
[PlyCount "49"]
[EventDate "2008.07.05"]
[EventType "tourn"]
[EventRounds "11"]
[EventCountry "RUS"]
[SourceTitle "EXT 2022"]
[Source "ChessBase"]
[SourceDate "2021.10.06"]
[SourceVersion "1"]
[SourceVersionDate "2021.10.06"]
[SourceQuality "1"]

1. e4 e6 2. Qe2 c5 3. d3 Nc6 4. g3 Nf6 5. e5 Nd5 6. c3 Nb6 7. Bg2 d5 8. Nf3 Be7 9. h4 h6 10. Na3 Bd7 11. Nc2 Qc7 12. Bf4 Na4 13. Ne3 b5 14. Nf5 Bf8 15. Nd6+ Bxd6 16. exd6 Qa5 17. 0-0 0-0-0 18. Rac1 c4 19. dxc4 bxc4 20. b3 Nb6 21. Be3 cxb3 22. axb3 Qa3 23. c4 Qxb3 24. cxd5 Nxd5 25. Ne5 1-0

[Event "Golubitskaya Rating"]
[Site "Golubitskaya"]
[Date "2008.07.07"]
[Round "?"]
[White "Gurjev, Valery"]
[Black "Uskov, Andrey"]
[Result "0-1"]
[WhiteElo "2283"]
[BlackElo "2152"]
[PlyCount "44"]
[EventDate "2008.07.05"]
[EventType "tourn"]
[EventRounds "11"]
[EventCountry "RUS"]
[SourceTitle "EXT 2022"]
[Source "ChessBase"]
[SourceDate "2021.10.06"]
[SourceVersion "1"]
[SourceVersionDate "2021.10.06"]
[SourceQuality "1"]

1. c4 e6 2. d4 d5 3. Nc3 c6 4. e4 dxe4 5. Nxe4 Bb4+ 6. Bd2 Qxd4 7. Bxb4 Qxe4+ 8. Be2 Na6 9. Ba5 b6 10. Qd6 Bd7 11. 0-0-0 0-0-0 12. Bc3 f6 13. Bf3 Qxc4 14. Be2 Qxa2 15. Nf3 Nc5 16. Ne5 Ne4 17. Bc4 Qa1+ 18. Kc2 Qa4+ 19. Bb3 Qxb3+ 20. Kxb3 Nxd6 21. Rxd6 fxe5 22. Bxe5 Nf6 0-1

[Event "Golubitskaya Rating"]
[Site "Golubitskaya"]
[Date "2008.07.06"]
[Round "?"]
[White "Uskov, Andrey"]
[Black "Didy, Kaplan"]
[Result "1-0"]
[WhiteElo "2152"]
[BlackElo "2053"]
[PlyCount "111"]
[EventDate "2008.07.05"]
[EventType "tourn"]
[EventRounds "11"]
[EventCountry "RUS"]
[SourceTitle "EXT 2022"]
[Source "ChessBase"]
[SourceDate "2021.10.06"]
[SourceVersion "1"]
[SourceVersionDate "2021.10.06"]
[SourceQuality "1"]

1. e4 c5 2. Nc3 d6 3. d3 Nf6 4. h3 Nc6 5. g4 g6 6. Be3 Bg7 7. Qd2 h5 8. g5 Nd7 9. Nd1 Nb6 10. Bg2 Bd7 11. f4 Qc7 12. Nf3 Nd4 13. Nh4 e6 14. c3 Nc6 15. 0-0 Ne7 16. Rc1 Rd8 17. Qf2 Rc8 18. b4 cxb4 19. cxb4 Qb8 20. Rxc8+ Nbxc8 21. Bd4 Bxd4 22. Qxd4 Rg8 23. Ne3 Qc7 24. Nc4 b5 25. Na5 Qb6 26. Qxb6 axb6 27. Nb3 Nc6 28. a3 N8e7 29. d4 d5 30. Re1 dxe4 31. Bxe4 Kd8 32. Nf3 Nd5 33. Bxd5 exd5 34. h4 Kc7 35. Re3 Bg4 36. Ne5 Nxe5 37. dxe5 Bd7 38. Kf2 Kb7 39. Rc3 Rc8 40. Rxc8 Kxc8 41. Ke3 Kd8 42. Kd4 Bc6 43. Nd2 Ke7 44. Nf1 Ke6 45. Ng3 Ke7 46. f5 Kd7 47. e6+ fxe6 48. fxg6 Ke7 49. Ke5 Be8 50. g7 Kf7 51. Nxh5 Bc6 52. Nf4 Bd7 53. h5 Kxg7 54. h6+ Kg8 55. g6 Be8 56. Kxe6 1-0

[Event "Kuban Region-ch"]
[Site "Krasnodar"]
[Date "2007.??.??"]
[Round "8"]
[White "Aleksandrov, Sergei"]
[Black "Uskov, Andrey"]
[Result "1/2-1/2"]
[WhiteElo "2330"]
[BlackElo "2155"]
[PlyCount "75"]
[EventDate "2007.10.??"]
[EventType "swiss"]
[EventRounds "9"]
[EventCountry "RUS"]
[SourceTitle "EXT 2010"]
[Source "ChessBase"]
[SourceDate "2010.11.25"]
[SourceVersion "1"]
[SourceVersionDate "2010.11.25"]
[SourceQuality "1"]

1. d4 e6 2. c4 b6 3. Nf3 Bb7 4. g3 f5 5. Bg2 Bb4+ 6. Bd2 Bxd2+ 7. Qxd2 Nf6 8. 0-0 0-0 9. Nc3 Ne4 10. Nxe4 Bxe4 11. d5 Qf6 12. Rfd1 e5 13. d6 c5 14. b4 cxb4 15. Qxb4 Nc6 16. Qa3 g5 17. Bf1 f4 18. Nd2 Bc2 19. Re1 e4 20. Rac1 e3 21. Nf3 Be4 22. g4 h5 23. h3 hxg4 24. hxg4 Nd4 25. Bg2 Nc2 26. Rxc2 exf2+ 27. Kxf2 Bxc2 28. c5 Be4 29. cxb6 axb6 30. Qb3+ Kg7 31. Rd1 Bxf3 32. Bxf3 Ra5 33. Qxb6 Rxa2 34. Rd5 Rc2 35. Qb5 Kh6 36. Qxd7 Rd8 37. Qa4 Rc1 38. Qd4 1/2-1/2

[Event "Kuban Region-ch"]
[Site "Krasnodar"]
[Date "2007.??.??"]
[Round "5"]
[White "Uskov, Andrey"]
[Black "Ermolov, Vasily"]
[Result "1-0"]
[WhiteElo "2155"]
[BlackElo "2045"]
[PlyCount "145"]
[EventDate "2007.10.??"]
[EventType "swiss"]
[EventRounds "9"]
[EventCountry "RUS"]
[SourceTitle "EXT 2010"]
[Source "ChessBase"]
[SourceDate "2010.11.25"]
[SourceVersion "1"]
[SourceVersionDate "2010.11.25"]
[SourceQuality "1"]

1. e4 Nf6 2. e5 Nd5 3. c4 Nb6 4. d4 d6 5. exd6 cxd6 6. Bd3 g6 7. Ne2 Bg7 8. 0-0 0-0 9. Be3 e5 10. Nd2 Nc6 11. d5 Ne7 12. f3 f5 13. Rb1 f4 14. Bf2 Nd7 15. Ne4 Nf6 16. b4 Nxe4 17. Bxe4 Nf5 18. Qd3 a5 19. a3 axb4 20. axb4 Qg5 21. Nc3 Nd4 22. Bxd4 exd4 23. Nd1 b6 24. Nf2 Rf7 25. Qd2 Rfa7 26. Bd3 Ra2 27. Rb2 Ra1 28. Rxa1 Rxa1+ 29. Rb1 Rxb1+ 30. Bxb1 Be5 31. Bd3 Qe7 32. Qa2 Qb7 33. Be4 Kg7 34. Nd3 Bf6 35. Nxf4 Qe7 36. Nd3 Bg5 37. Qc2 Be3+ 38. Kf1 Qh4 39. g3 Bh3+ 40. Ke1 Qe7 41. Nf2 Bc8 42. Nd1 Bg5 43. Qd3 Bf6 44. Nf2 Qa7 45. Kf1 Qa1+ 46. Kg2 Qe1 47. b5 Qc1 48. Qe2 Qe3 49. Qxe3 dxe3 50. Nd3 Bd4 51. Kf1 Kf6 52. Ke2 h6 53. Ne1 g5 54. Nc2 Bc5 55. Nxe3 Ke5 56. g4 Kf4 57. Ng2+ Ke5 58. Kd3 Bf2 59. Bh7 Bd7 60. Ke2 Bg1 61. h4 Kd4 62. Bd3 Bh2 63. hxg5 hxg5 64. Ne1 Bf4 65. Nc2+ Kc3 66. Ne3 Kd4 67. Nd1 Bc1 68. Nf2 Ke5 69. Ne4 Be8 70. Nc3 Kf4 71. Be4 Bd7 72. Kd3 Be3 73. Ne2+ 1-0

[Event "Krasnodar Stepanov Memorial op"]
[Site "Krasnodar"]
[Date "2004.10.??"]
[Round "8"]
[White "Pravdiuk, Vladimir P"]
[Black "Uskov, Andrey"]
[Result "1-0"]
[WhiteElo "2306"]
[BlackElo "2159"]
[PlyCount "77"]
[EventDate "2004.10.??"]
[EventType "swiss"]
[EventRounds "9"]
[EventCountry "RUS"]
[SourceTitle "EXT 2006"]
[Source "ChessBase"]
[SourceDate "2005.11.24"]
[SourceVersion "1"]
[SourceVersionDate "2005.11.24"]
[SourceQuality "1"]

1. e4 e6 2. Qe2 b6 3. Nf3 c5 4. g3 Nc6 5. Bg2 Bb7 6. c3 Nge7 7. 0-0 d5 8. d3 Ng6 9. e5 d4 10. c4 Be7 11. Re1 a6 12. h4 Qc7 13. h5 Nf8 14. Bf4 h6 15. g4 0-0-0 16. Bg3 Nh7 17. a3 g6 18. Nbd2 Ng5 19. Nxg5 hxg5 20. hxg6 fxg6 21. Ne4 Rde8 22. Nd6+ Bxd6 23. exd6 Qd7 24. Be4 Qh7 25. Qf3 Ref8 26. Qg2 Qd7 27. b4 Rh7 28. bxc5 Rfh8 29. Rab1 Rh1+ 30. Qxh1 Rxh1+ 31. Bxh1 bxc5 32. Rb6 e5 33. Reb1 Qxd6 34. Rxb7 Qe6 35. R7b6 Qxg4 36. Rxc6+ Kd7 37. Rb7+ Kd8 38. Rxg6 Qd1+ 39. Kg2 1-0

[Event "Krasnodar Stepanov Memorial op"]
[Site "Krasnodar"]
[Date "2004.10.??"]
[Round "2"]
[White "Rjabzev, Konstantin"]
[Black "Uskov, Andrey"]
[Result "1-0"]
[WhiteElo "2212"]
[BlackElo "2159"]
[PlyCount "41"]
[EventDate "2004.10.??"]
[EventType "swiss"]
[EventRounds "9"]
[EventCountry "RUS"]
[SourceTitle "EXT 2006"]
[Source "ChessBase"]
[SourceDate "2005.11.24"]
[SourceVersion "1"]
[SourceVersionDate "2005.11.24"]
[SourceQuality "1"]

1. e4 Nf6 2. e5 Nd5 3. d4 e6 4. Nf3 b6 5. c4 Ne7 6. Nc3 Bb7 7. d5 Nf5 8. Bd3 Bb4 9. 0-0 h6 10. Bxf5 exf5 11. Nd4 g6 12. e6 Bd6 13. exf7+ Kxf7 14. Ncb5 Be5 15. Re1 Re8 16. Nxf5 Bxh2+ 17. Kxh2 Rxe1 18. Nxh6+ Kf8 19. Qf3+ Kg7 20. Qf7+ Kh8 21. Bg5 1-0